| 000 | 01332nam a2200385 a 4500 | ||
|---|---|---|---|
| 001 | 000010994 | ||
| 003 | DO-SdBPM | ||
| 005 | 20260506084755.0 | ||
| 007 | 000010994 | ||
| 008 | 091013s2015 dr a 001 0 spa d | ||
| 020 | _a9789945166989 | ||
| 040 |
_aDO-SdBPM _bspa _cBPMSU _erda |
||
| 082 | 0 | 4 |
_a150 _bM516i, 2015 _222 |
| 092 | _a | ||
| 100 | 1 |
_aMejía-Ricart G., Tirso, _d1936- _eautor _4aut. |
|
| 245 | 1 | 0 |
_aIntroducción a la psicología / _cTirso Mejía-Ricart G. ; colaboración Francisco Pancorbo ... [et al.] ; prólogo Eneiro Rodríguez Arias. |
| 250 | _a14a ed. | ||
| 264 |
_aSanto Domingo : _bFundación Mejía Ricart-Gúzman Boom, _c2015 |
||
| 300 |
_a400 páginas : _bilustración ; _c22 cm. |
||
| 336 |
_atexto _btxt _2rdacontent |
||
| 337 |
_asin mediación _bn _2rdamedia |
||
| 338 |
_avolumen _bnc _2rdacarrier |
||
| 490 | 0 |
_aTextos básicos, _v1 |
|
| 500 | _aIncluye índice alfabético de materias | ||
| 504 | _aIncluye referencias bibliográficas y notas al pie de las páginas | ||
| 590 | _aIvnentariado, 2026/VM | ||
| 650 | 7 | _aPsicología | |
| 650 | 7 | _aConducta (psicología ) | |
| 650 | 7 | _aMotivación | |
| 650 | 7 | _aAprendizaje | |
| 650 | 7 | _aSadud mental | |
| 700 | 1 |
_aRodríguez Arias, Eneiro _eprólogo |
|
| 910 | _aVMateo V. Control de calidad BPMSU | ||
| 942 |
_2ddc _cBK |
||
| 999 |
_c15819 _d15819 |
||